MDQL
is popping MORE tags! Check the
thread
!
Quizzes
Events
Quiz Creation
Community
Videos
Private Events
Remove Ads
Sign In
Join for FREE
Feedback
Dark Mode
Quiz Categories
Sports
Geography
Music
Movies
Television
Just For Fun
Miscellaneous
History
Literature
Language
Science
Gaming
Entertainment
Religion
Holiday
For Kids
Quiz Lab
Recent
Popular Today
Quiz Kudos Today
Editor Picks
Curator Picks
Quizzes by...
Day
Popularity
Type
Ratings
Length
Year
Community
Subscriptions
Recent Discussions
Orange Saloon
Badges
Playlists
Quests
Create
Leaderboards
Showdown
Live 5
Trivia Bingo
Activity
Puzzle Library
Sporcle Events
Private Events
Virtual Trivia
Globe League
Become a Host
Pub Owners
SporcleCon
Opinionation
Our Games
Videos
Blog
Mobile Apps
Partnerships
Remove Ads and Go Orange
Feedback
Sports
Athletes
MLB
NBA
NHL
NFL
Soccer
Sports Teams
WWE
NCAA
Football
Premier League
Basketball
Baseball
Hockey
Golf
Tennis
Cricket
Rugby
Auto Racing
Olympics
World Cup
Sports
Athletes
MLB
NBA
NHL
NFL
Soccer
Sports Teams
WWE
NCAA
Football
Premier League
Basketball
Baseball
Hockey
Golf
Tennis
Cricket
Rugby
Auto Racing
Olympics
World Cup
Random Quiz
Search Sporcle
×
Quiz Lab
Quiz Lab
Sports
complete
Type in answers that appear in a list
Type in answers that appear in a list
Classic
Best Score? Go Orange.
Complete the Card: Survivor Series 2012 Stats
Can you name the wrestlers who competed at the Survivor Series pay-per-view in 2012?
By
SporcleEXP
3m
33 Questions
816 Plays
816 Plays
816 Plays
Comments
Comments
Give Quiz Kudos
Give Quiz Kudos
-
- Ratings
hide this ad
More Info
Replay
Link that replays current quiz
Next Quiz
Link to next quiz in quiz playlist
You Got
0%
They Got
Avg Score
80%
Avg Friend Score
Upgrade to see
Score Distribution
Jump to the score distribution portion of the page
Score
0/33
Timer
03:00
0
Plays Today
Match Type
Wrestler
% Correct
Match 5 -
5-
on-
5 Survivor Series Elimination Match
Dolph Ziggler
95.7%
Match 6 -
Triple Threat Match for the WWE Championship
John Cena
94.7%
Match 1 -
5-
on-
5 Survivor Series Elimination Match
Brodus Clay
94.5%
Match 6 -
Triple Threat Match for the WWE Championship
CM Punk
94.1%
Match 1 -
5-
on-
5 Survivor Series Elimination Match
Tensai
93.7%
Match 4 -
Singles Match for the World Heavyweight Championship
Sheamus
92.5%
Match 4 -
Singles Match for the World Heavyweight Championship
Big Show
91.2%
Match 6 -
Triple Threat Match for the WWE Championship
Ryback
89.7%
Match 5 -
5-
on-
5 Survivor Series Elimination Match
Kane
88.7%
Match 5 -
5-
on-
5 Survivor Series Elimination Match
Daniel Bryan
87.8%
Match 5 -
5-
on-
5 Survivor Series Elimination Match
Randy Orton
87.1%
Match 5 -
5-
on-
5 Survivor Series Elimination Match
The Miz
86.2%
Match 3 -
Singles Match for the United States Championship
Antonio Cesaro
85.6%
Match 5 -
5-
on-
5 Survivor Series Elimination Match
Kofi Kingston
85%
Match 5 -
5-
on-
5 Survivor Series Elimination Match
Alberto Del Rio
84.6%
Match 3 -
Singles Match for the United States Championship
R-Truth
83.4%
Match 1 -
5-
on-
5 Survivor Series Elimination Match
Rey Mysterio
82.8%
Match Type
Wrestler
% Correct
Match 2 -
Singles Match for the Divas Championship
Eve
82.7%
Match 1 -
5-
on-
5 Survivor Series Elimination Match
Justin Gabriel
81.4%
Match 1 -
5-
on-
5 Survivor Series Elimination Match
Darren Young
80.3%
Match 1 -
5-
on-
5 Survivor Series Elimination Match
Sin Cara
79.7%
Match 1 -
5-
on-
5 Survivor Series Elimination Match
Titus O'Neil
79.5%
Match 2 -
Singles Match for the Divas Championship
Kaitlyn
76.8%
Match 1 -
5-
on-
5 Survivor Series Elimination Match
Tyson Kidd
76.4%
Match 5 -
5-
on-
5 Survivor Series Elimination Match
Wade Barrett
75.2%
Pre-
Show Match -
Tag Team Match
Heath Slater
74.8%
Match 5 -
5-
on-
5 Survivor Series Elimination Match
Damien Sandow
74.3%
Pre-
Show Match -
Tag Team Match
Santino Marella
73.5%
Match 1 -
5-
on-
5 Survivor Series Elimination Match
Primo
72.4%
Match 1 -
5-
on-
5 Survivor Series Elimination Match
Epico
72%
Pre-
Show Match -
Tag Team Match
Zack Ryder
69.4%
Match 5 -
5-
on-
5 Survivor Series Elimination Match
David Otunga
68.9%
Pre-
Show Match -
Tag Team Match
Jinder Mahal
67.8%
Quiz Playlist
Details
Report
Send in Message
Add To Playlist
More Info:
Guess only the wrestlers who competed at this event (do not guess commentators, valets, managers, etc...). This doesn't include dark matches.
Classic:
Type in answers that appear in a list
Quiz Source
Last Updated: Feb 16, 2017
Quiz Scoreboard
CHALLENGE
Sign Up to Join the Scoreboard
Show All
Scores
Hide
Comments
May contain spoilers
Recently Published
Two Season TV Shows II
by 123Four
Television
10m
Image Sorting: Flags VI
by Barbecue
Geography
2m
Find the 'City' Movie
by crazypaving
Movies
60s
More to Explore
Quiz From the Vault
Featured Blog Post
14 Easter Pick-up Lines to Find Eggs With
hide this ad
You Might Also Like...
Tags
2012
Competed
complete
Matching
Pay-per-view
Survivor
Survivor Series
Wrestlers
Today's Top Quizzes in Sports
Browse Sports
hide this ad
Today's Top Quizzes in complete
Browse complete
Top Contributed Quizzes in Sports
1
Les meilleurs buteurs des matchs entre le PSG et l’OM
2
Les entraîneurs de l'OM et du PSG au 21e siècle
3
2022 World Cup Stars
4
Les joueurs passés par le PSG et l'OM
5
Players with Multiple 50 Home Run Seasons
6
FIFA Club World Cup Champions
7
Criteria MLB: Left Handed Sluggers
8
Les joueurs passés par le LOSC et le RC Lens
9
Top 10 NHL Goal Scorers of All Time
10
MLB Players with Two .350 Batting Average Seasons
Explore More
Trending Topics
NBA
Anime
Crossword
Disney
Kpop
Marvel
Harry Potter
Song
Puzzle
WWE
Country
NFL
Pokémon
Soccer
The Office
hide this ad
More By:
SporcleEXP
Quiz
Plays
Rating
Category
Featured
Created
Harry Potter Deaths in Order Minefield
3,068,839
4.18
Literature
Jan 27, 2016
Sins, Dwarfs, and Spice Girls
847,331
4.42
Just For Fun
Apr 11, 2012
Ancient History Bunker
708,304
4.28
History
Jan 20, 2014
Movie Posters VI
679,093
4.37
Movies
Nov 12, 2010
Movie Posters VII
621,912
4.44
Movies
Apr 16, 2011
Go to Creator's Profile
Score Distribution
Quiz Creator Spotlight
SporcleEXP
Follow
Send a Message
Quizzes Created
-
Created Quiz Play Count
-
More By This Creator
Popular Quizzes Today
1
Find the US States - No Outlines Minefield
2
Colored Red Africa Blitz
3
Find the 'City' Movie
4
5x2 Blitz: Bands
5
The Countries of the World
6
Find the Countries of Europe - No Outlines Minefield
7
Find the US States
8
US States
More Sports Quizzes
Quick Pick: Steve Beuerlein Teams by Logo
Quiz Lab
Trending Quizzes
Colored Red Europe Blitz I
Colored Red Africa Blitz II
Colored Red Europe Blitz II
Colored Red Africa Blitz III
Colored Red Europe Blitz III
Recently Updated
How Do You Spell That?
pecheneg
Godzilla Movies
pecheneg
Grab Bag: 4-10 Letters
pecheneg
2024 March Madness Bracket
pecheneg
Famous TV Couples
Peacemaker
Champions League XIs: Real Madrid
pecheneg
Largest US Cities 1790-2010
pecheneg
Rides in Walt Disney World
pecheneg
Most Oscar Losses (Acting)
pecheneg
Beyoncé Albums
pecheneg
Trending Topics
Disney
Marvel
Anime
Crossword
NBA
Harry Potter
Kpop
Soccer
The Office
WWE
Song
Country
Pokémon
Puzzle
NFL
Your Account Isn't Verified!
In order to create a playlist on Sporcle, you need to verify the email address you used during registration. Go to your
Sporcle Settings
to finish the process.
Report this User
Report this user for behavior that violates our
Community Guidelines
.
Details:
Send Report
Go to the Sporcle.com Mobile Site →
Comments